00761cam a2200157 i 4500020002500000041000800025082001500033100002800048245005700076260005100133300001900184490004100203505028700244650004700531650002500578 a9780801039836 (pbk.) aENG00a220.6bHUM1 aHumphrey, Edith McEwan.10aScripture and tradition : What the Bible Really Says aUnites States of AmericabBaker Academicc2013 ax, 182 pages ;0 aAcadia studies in Bible and theology0 aLost in translation? -- Deadly traditions: the Bible, the rabbis, Jesus, and St. Paul -- Apostles, the word, and the letter -- Blessed delivery: receiving in both directions -- Tradition as God's personal gift -- Holy tradition vs. human traditions: discerning the difference today. 0aBible and tradition.aTradition - Theology 0aTradition (Theology)